Los Nahuas después de la conquista : (Registro nro. 14606)

Detalles MARC
000 -LIDER
fixed length control field 01494nam a2200337 a 4500
001 - NÚMERO DE CONTROL
Identificador de número de control 000007137
003 - IDENTIFICACDOR DE NÚMERO DE CONTROL
control field DO-SdBNP
005 - DATE AND TIME OF LATEST TRANSACTION
control field 20240320124424.0
007 - CAMPOS FIJOS DE DESCRIPCIÓN FÍSICA
fixed length control field 000007137
008 - ELEMENTOS DE LONGITUD FIJA
fixed length control field 090717s2013 mx 001 0 spa d
020 ## - ISBN
Canceled/invalid ISBN 9789681652692
040 ## - FUENTE DE CATALOGACIÓN
Agencia que crea de manera original el registro BPMSU
Idioma de catalogación spa
Agencia que realiza la transcripción BPMSU
082 #4 - NÚMERO DE CLASIFICACIÓN DECIMAL DE DEWEY
Classification number 972.02
Item number L816n 2013
Edition number 22
100 1# - ASIENTO PRINCIPAL -- NOMBRE PERSONAL
Nombre personal Lockhart, James Marvin.
Fechas asociadas con el nombre 1933-
245 10 - MENCIÓN DE TITULO
Título Los Nahuas después de la conquista :
Subtítulo historia social y cultural de los indios del México central, del siglo XVI al XVIII /
Mención de responsabilidad James Lockhart ; traducción de Roberto Reyes Mazzoni
260 ## - PUBLICACIÓN, DISTRIBUCIÓN, ETC. (PIE DE IMPRENTA)
Lugar de publicación, distribución, etc México :
Nombre del editor, distribuidor, etc. Fondo de Cultura Económica ;
Fecha de publicación, distribución, etc 2008
Nombre del editor, distribuidor, etc.
300 ## - DESCRIPCIÓN FÍSICA
Extensión 717 p. :
Otros detalles físicos il., mapas ;
Dimensiones 23 cm.
490 0# - MENCIÓN DE SERIES
Mención de serie Sección de obras de historia
500 ## - NOTA GENERAL
Nota general Incluye datos biográficos del autor en la solapa de la cubierta
500 ## - NOTA GENERAL
Nota general Incluye bibliografía e índice.
504 ## - NOTA DE BIBLIOGRAFÍA, ETC.
Bibliography, etc Incluye referencias bibliográficas y notas al pie de las páginas
534 ## - NOTA SOBRE LA VERSIÓN ORIGINAL
Frase introductoria Título original :
Mención del título original The nahuas after the conquest. A social and cultural history of the indians of central Mexico, sixteenth through eighteenth centuries.
590 ## - NOTA LOCAL
Texto de la nota local Inventariado, 2024/VM
650 #4 - ENCABEZAMIENTO DE MATERIA--TEMÁTICO
Término temático o nombre geográfico como elemento de entrada Nahuas
Subdivisión temática general Vida social y costumbres.
650 #4 - ENCABEZAMIENTO DE MATERIA--TEMÁTICO
Término temático o nombre geográfico como elemento de entrada Nahuas
Subdivisión temática general Historiografía
Subdivisión cronológica Siglos XVI-XVII.
650 #4 - ENCABEZAMIENTO DE MATERIA--TEMÁTICO
Término temático o nombre geográfico como elemento de entrada Indígenas de México
Subdivisión temática general Vida social y costumbres.
651 #4 - ENCABEZAMIENTO DE MATERIA--NOMBRE GEOGRÁFICO
Nombre geográfico México
Subdivisión temática general Historia
Subdivisión cronológica Siglos XVI-XVIII.
710 2# - ASIENTO SECUNDARIO -- NOMBRE CORPORATIVO
Nombre corporativo o de jurisdicción Fondo de Cultura Económica (México)
910 ## - VALIDACIÓN
Validación VMateo V. Control de calidad BPMSU
942 ## - ADDED ENTRY ELEMENTS (KOHA)
Source of classification or shelving scheme Dewey Decimal Classification
Koha item type Libros
Existencias
Withdrawn status Lost status Source of classification or shelving scheme Damaged status Not for loan Collection code Home library Current library Date acquired Source of acquisition Total Checkouts Full call number Barcode Date last seen Price effective from Koha item type
    Dewey Decimal Classification     Colección General Biblioteca Pública Metropolitana Salomé Ureña Biblioteca Pública Metropolitana Salomé Ureña 03/20/2024 Fondo de Cultura Económica   BPMSU CG 972.02 L816n 2013 BPMSU24030068 03/20/2024 03/20/2024 Libros